That is NOT a Country - Statistics

General Stats
  • This quiz has been taken 1,916 times
  • The average score is 17 of 19
Answer Stats
Hint Answer % Correct
England United Kingdom
99%
Hong Kong China
97%
Greenland Denmark
96%
Great Britain United Kingdom
96%
Scotland United Kingdom
95%
Tibet China
94%
French Guiana France
94%
Holland Netherlands
93%
Puerto Rico United States
93%
Gibraltar United Kingdom
89%
Western Sahara Morocco
87%
Guam United States
86%
Bermuda United Kingdom
85%
Macau China
82%
Cayman Islands United Kingdom
77%
Zanzibar Tanzania
75%
Aruba Netherlands
74%
Marianas Islands United States
71%
New Caledonia France
70%
No matching quizzes found
Score Distribution
Percent of People with Each Score
Percentile by Number Answered
Your Score History
You have not taken this quiz